UM Logo

Academic language for english language learners and struggling readers: (Record no. 3225)

MARC details
000 -LEADER
fixed length control field 00973nam a22002057a 4500
008 - FIXED-LENGTH DATA ELEMENTS--GENERAL INFORMATION
fixed length control field 160702b xxu||||| |||| 00| 0 eng d
020 ## - INTERNATIONAL STANDARD BOOK NUMBER
International Standard Book Number 9780325011363
082 ## - DEWEY DECIMAL CLASSIFICATION NUMBER
Edition number 2009
Classification number DC 428.24
Item number F87a
100 ## - MAIN ENTRY--PERSONAL NAME
9 (RLIN) 10784
Personal name Freeman, Yvonne S.
245 ## - TITLE STATEMENT
Title Academic language for english language learners and struggling readers:
Remainder of title how to help students succeed across content area/
Statement of responsibility, etc. Yvonne S. Freeman and David E. Freeman.
260 ## - PUBLICATION, DISTRIBUTION, ETC. (IMPRINT)
Place of publication, distribution, etc. Portsmouth:
Name of publisher, distributor, etc. Heinemann,
Date of publication, distribution, etc. c2009.
300 ## - PHYSICAL DESCRIPTION
Extent xix, 210 pages:
Other physical details illustrations;
Dimensions 23 cm.
500 ## - GENERAL NOTE
General note Includes bibliographical references, glossary, and index.<br/>
650 #0 - SUBJECT ADDED ENTRY--TOPICAL TERM
9 (RLIN) 10785
Topical term or geographic name as entry element English language
Form subdivision Study and teaching
General subdivision Foreign speakers
650 #0 - SUBJECT ADDED ENTRY--TOPICAL TERM
9 (RLIN) 10786
Topical term or geographic name as entry element Limited english proficient students
General subdivision Education
Geographic subdivision United States
650 #0 - SUBJECT ADDED ENTRY--TOPICAL TERM
9 (RLIN) 10787
Topical term or geographic name as entry element Language arts
General subdivision Correlation with contents subjects
Geographic subdivision United States
650 #0 - SUBJECT ADDED ENTRY--TOPICAL TERM
9 (RLIN) 10788
Topical term or geographic name as entry element Reading
General subdivision Remedial teaching
Geographic subdivision United States
700 ## - ADDED ENTRY--PERSONAL NAME
9 (RLIN) 10789
Personal name Freeman, David E.
Relator term Author
942 ## - ADDED ENTRY ELEMENTS (KOHA)
Source of classification or shelving scheme Dewey Decimal Classification
Koha item type Circulation
Holdings
Withdrawn status Lost status Source of classification or shelving scheme Damaged status Not for loan Collection code Home library Current library Shelving location Date acquired Source of acquisition Total Checkouts Full call number Barcode Date last seen Date last checked out Price effective from Koha item type
    Dewey Decimal Classification     Circulation UM Digos College - LIC UM Digos College - LIC Book Cart 09/18/2009 Purchased 1 DC 428.24 F87a 2009 20359 05/15/2025 11/24/2023 07/02/2016 Circulation